<?xml version="1.0" encoding="UTF-8"?><?xml-stylesheet type="text/xsl" href="static/style.xsl"?><OAI-PMH xmlns="http://www.openarchives.org/OAI/2.0/" xmlns:xsi="http://www.w3.org/2001/XMLSchema-instance" xsi:schemaLocation="http://www.openarchives.org/OAI/2.0/ http://www.openarchives.org/OAI/2.0/OAI-PMH.xsd"><responseDate>2026-04-27T07:08:09Z</responseDate><request verb="GetRecord" identifier="oai:uvadoc.uva.es:10324/45700" metadataPrefix="marc">https://uvadoc.uva.es/oai/request</request><GetRecord><record><header><identifier>oai:uvadoc.uva.es:10324/45700</identifier><datestamp>2021-06-24T07:26:24Z</datestamp><setSpec>com_10324_41462</setSpec><setSpec>com_10324_954</setSpec><setSpec>com_10324_894</setSpec><setSpec>col_10324_41463</setSpec></header><metadata><record xmlns="http://www.loc.gov/MARC21/slim" xmlns:doc="http://www.lyncode.com/xoai" xmlns:xsi="http://www.w3.org/2001/XMLSchema-instance" xmlns:dcterms="http://purl.org/dc/terms/" xsi:schemaLocation="http://www.loc.gov/MARC21/slim http://www.loc.gov/standards/marcxml/schema/MARC21slim.xsd">
<leader>00925njm 22002777a 4500</leader>
<datafield tag="042" ind1=" " ind2=" ">
<subfield code="a">dc</subfield>
</datafield>
<datafield tag="720" ind1=" " ind2=" ">
<subfield code="a">Machuca, Ana</subfield>
<subfield code="e">author</subfield>
</datafield>
<datafield tag="720" ind1=" " ind2=" ">
<subfield code="a">Tuset, Concepción</subfield>
<subfield code="e">author</subfield>
</datafield>
<datafield tag="720" ind1=" " ind2=" ">
<subfield code="a">Soriano, Vincent</subfield>
<subfield code="e">author</subfield>
</datafield>
<datafield tag="720" ind1=" " ind2=" ">
<subfield code="a">Caballero, Estrella</subfield>
<subfield code="e">author</subfield>
</datafield>
<datafield tag="720" ind1=" " ind2=" ">
<subfield code="a">Aguilera, Antonio</subfield>
<subfield code="e">author</subfield>
</datafield>
<datafield tag="720" ind1=" " ind2=" ">
<subfield code="a">Ortiz de Lejarazu Leonardo, Raúl</subfield>
<subfield code="e">author</subfield>
</datafield>
<datafield tag="260" ind1=" " ind2=" ">
<subfield code="c">2000</subfield>
</datafield>
<datafield tag="520" ind1=" " ind2=" ">
<subfield code="a">Objective: To estimate the prevalence of HTLV infection among pregnant women in Spain.&#xd;
Methods: A commercial ELISA incorporating HTLV-I and HTLV-II antigens was used for HTLV antibody screening. Repeatedly reactive samples were further examined by western blot. Moreover, confirmation with PCR was performed when cells were available.&#xd;
Results: 20 366 pregnant women in 12 different Spanish cities were tested in a 3 year period (July 1996 to August 1999). 32 samples were repeatedly reactive by ELISA, and 10 of them were confirmed as positive by western blot (eight for HTLV-II and two for HTLV-I). In addition, three of 13 women who had an indeterminate western blot pattern yielded positive results for HTLV-II by PCR. All 11 HTLV-II infected women had been born in Spain, and all but one were former drug users. Seven of them were coinfected with HIV-1. One HTLV-I infected woman was from Peru, where HTLV is endemic and where she most probably was infected during sexual intercourse.&#xd;
&#xd;
Conclusion: The overall prevalence of HTLV infection among pregnant women in Spain is 0.064% (13/20 366), and HTLV-II instead of HTLV-I is the most commonly found variant. A strong relation was found among HTLV-II infection and specific epidemiological features, such as Spanish nationality and injecting drug use. Although HTLV-II can be vertically transmitted, mainly through breast feeding, both the low prevalence of infection and its lack of pathogenicity would not support the introduction of HTLV antenatal screening in Spain</subfield>
</datafield>
<datafield tag="024" ind2=" " ind1="8">
<subfield code="a">Sexually Transmitted Infections,2000, vol. 76 n. 5, p. 366-370</subfield>
</datafield>
<datafield tag="024" ind2=" " ind1="8">
<subfield code="a">1368-4973</subfield>
</datafield>
<datafield tag="024" ind2=" " ind1="8">
<subfield code="a">http://uvadoc.uva.es/handle/10324/45700</subfield>
</datafield>
<datafield tag="024" ind2=" " ind1="8">
<subfield code="a">10.1136/sti.76.5.366</subfield>
</datafield>
<datafield tag="024" ind2=" " ind1="8">
<subfield code="a">366</subfield>
</datafield>
<datafield tag="024" ind2=" " ind1="8">
<subfield code="a">5</subfield>
</datafield>
<datafield tag="024" ind2=" " ind1="8">
<subfield code="a">370</subfield>
</datafield>
<datafield tag="024" ind2=" " ind1="8">
<subfield code="a">Sexually Transmitted Infections</subfield>
</datafield>
<datafield tag="024" ind2=" " ind1="8">
<subfield code="a">76</subfield>
</datafield>
<datafield tag="245" ind1="0" ind2="0">
<subfield code="a">Prevalence of HTLV infection in pregnant women in Spain</subfield>
</datafield>
</record></metadata></record></GetRecord></OAI-PMH>